Fun Facts: True or False Quiz Stats

Quiz Updated Nov 6, 2015

Challenge
Share
Tweet
Embed
Score 0/0 Timer 00:00
2 Plays Today
Statement T or F % Correct
An ostrich's eye is bigger than its brain.???
85%
A jellyfish is 95 percent water.???
79.5%
The average 10-gallon hat only holds about three quarts.???
76.6%
The first webcam watched a coffee pot.???
76.5%
Camels have three sets of eyelids.???
72.6%
Cat's urine glows under a blacklight.???
72.3%
The Pittsburgh Penguins made Mister Rogers an honorary captain in 1991.???
71.7%
In 1980, Detroit presented Saddam Hussein with a key to the city.???
65.2%
Taco Bell is named after its founder, Glen Bell.???
64.9%
Bubble gum contains rubber.???
61.8%
William McKinley was on the $5000 dollar bill.???
60.7%
Before Google launched Gmail, 'G-Mail' was the name of a free email service offered by Garfield's website.???
59.9%
The phrase 'O.M.G.' was used in 1917 in a letter to Winston Churchill.???
56.1%
Statement T or F % Correct
The 'Q' in Q-tips stands for 'quicker'.???
51.9%
Topeka, KS once renamed itself ToPikachu.???
49.2%
When David Hasselhoff divorced, he lost possession of the catchphrase 'Don't Hassle the Hoff'.???
44.1%
Los Angeles is farther west than Reno.???
44.1%
It took ten takes to film the final speech in To Kill a Mockingbird.???
43.3%
A duck's quack doesn't echo.???
40.7%
The sum of all the numbers on a roulette wheel is 777.???
40.6%
Toyota has announced that the official plural of 'Prius' is 'Priuses'.???
39.5%
The real name of Scooby-Doo's 'Shaggy' is Lester Martindale.???
37.8%
The actor who played the father on Family Matters also voiced Shredder in the '80s-'90s TMNT cartoon.???
37.8%
Cookie Monster has stated that, before he started eating cookies, his name was Bob.???
36.8%
The creator of SpongeBob SquarePants used to teach quantum physics.???
32.5%

You're not logged in!

Compare scores with friends on all Sporcle quizzes.
Sign Up with Email
OR
Log In

You Might Also Like...

Show Comments

Extras

Top Quizzes Today


Score Distribution

Your Account Isn't Verified!

In order to create a playlist on Sporcle, you need to verify the email address you used during registration. Go to your Sporcle Settings to finish the process.

Report this User

Report this user for behavior that violates our Community Guidelines.

Details: